Podróż po świecie-quiz geoliptyczny#5 - Statystyki

Ogólne statystyki
  • Ten quiz został rozwiązany 102 razy
  • Średni wynik to 9 z 15
Statystyki odpowiedzi
Kierunek Państwo % Poprawnych
Północ Chiny
91%
Północ Rosja
88%
Wschod Indie
84%
Południowy wschód Pakistan
82%
Zaczynasz w Kazachstanie Południowy zachód Turkmenistan
82%
Południe Iran
79%
Północny wschód Laos
68%
Wschód Mjanma
68%
Południowy wschód Tajlandia
68%
Południowy zachód Gruzja
53%
Południowy zachód Turcja
53%
Północny zachód Kazachstan
47%
Północny zachód Bułgaria
32%
Północny wschód Serbia
25%
Południowy zachód Macedonia Północna
23%
Nie znaleziono quizów pasujących do podanych kryteriów
Rozkład punktacji
Procent ludzi z każdym wynikiem
Percentyl według liczby udzielonych odpowiedzi
Twoja historia wyników
Nie rozwiązałeś tego quizu